00281nam a2200121Ia 4500008004100000100001900041245002100060260003200081300000800113650001400121942000700135999001700142190216s9999||||xx |||||||||||||| ||und|| aRamachandran.R 0aEnthinee Yathra? bPoorna Pubs Kozhikodec1983 a51p aKavithkal cBK c26812d26812